<?xml version="1.0" encoding="UTF-8"?>
<collection xmlns="http://www.loc.gov/MARC21/slim">
<record>
  <controlfield tag="001">98434</controlfield>
  <controlfield tag="005">20231023123343.0</controlfield>
  <datafield tag="024" ind1="8" ind2=" ">
    <subfield code="2">sideral</subfield>
    <subfield code="a">122196</subfield>
  </datafield>
  <datafield tag="037" ind1=" " ind2=" ">
    <subfield code="a">ART-2019-122196</subfield>
  </datafield>
  <datafield tag="041" ind1=" " ind2=" ">
    <subfield code="a">spa</subfield>
  </datafield>
  <datafield tag="100" ind1=" " ind2=" ">
    <subfield code="a">Lopez Perez, Fernando</subfield>
    <subfield code="0">(orcid)0000-0002-9303-1839</subfield>
  </datafield>
  <datafield tag="245" ind1=" " ind2=" ">
    <subfield code="a">Se actualizan las Directrices sectoriales sobre actividades e instalaciones ganaderas en Aragón</subfield>
  </datafield>
  <datafield tag="260" ind1=" " ind2=" ">
    <subfield code="c">2019</subfield>
  </datafield>
  <datafield tag="506" ind1="0" ind2=" ">
    <subfield code="a">Access copy available to the general public</subfield>
    <subfield code="f">Unrestricted</subfield>
  </datafield>
  <datafield tag="520" ind1="3" ind2=" ">
    <subfield code="a">Las vigentes Directrices sectoriales sobre actividades e instalaciones ganaderas datan de 2009 (Decreto 94/2009, de 26 de mayo, del Gobierno de Aragón), las cuales parten de la consideración del subsector ganadero como un elemento clave para el mantenimiento de la población en el medio rural aragonés, sin obviar la obligación de preservar los recursos naturales, minimizando las posibles afecciones ambientales que se pudieran producir por el desarrollo de las actividades ganaderas. 
Pues bien, a través de la Orden DRS/330/2019, de 26 de marzo, se ha procedido a actualizar varios anexos de estas Directrices en los siguientes ámbitos: 
-Se concretan las distancias de las explotaciones ganaderas a núcleos de población. 
-Se concretan las distancias a elementos relevantes del territorio (vías de comunicación, cauces de agua, captaciones de agua, pozos, zonas de acuicultura, industrias alimentarias, espacios naturales protegidos, etc.). 
-Se concretan las distancias a otras explotaciones ganaderas. 
Además ...</subfield>
  </datafield>
  <datafield tag="540" ind1=" " ind2=" ">
    <subfield code="9">info:eu-repo/semantics/openAccess</subfield>
    <subfield code="a">by-nc-nd</subfield>
    <subfield code="u">http://creativecommons.org/licenses/by-nc-nd/3.0/es/</subfield>
  </datafield>
  <datafield tag="655" ind1=" " ind2="4">
    <subfield code="a">info:eu-repo/semantics/other</subfield>
    <subfield code="v">info:eu-repo/semantics/publishedVersion</subfield>
  </datafield>
  <datafield tag="773" ind1=" " ind2=" ">
    <subfield code="g">90 (2019), 208</subfield>
    <subfield code="p">Actual. jurid. ambient.</subfield>
    <subfield code="t">ACTUALIDAD JURIDICA AMBIENTAL</subfield>
    <subfield code="x">1989-5666</subfield>
  </datafield>
  <datafield tag="856" ind1="4" ind2=" ">
    <subfield code="s">277592</subfield>
    <subfield code="u">http://zaguan.unizar.es/record/98434/files/texto_completo.pdf</subfield>
    <subfield code="y">Versión publicada</subfield>
  </datafield>
  <datafield tag="856" ind1="4" ind2=" ">
    <subfield code="s">1270240</subfield>
    <subfield code="u">http://zaguan.unizar.es/record/98434/files/texto_completo.jpg?subformat=icon</subfield>
    <subfield code="x">icon</subfield>
    <subfield code="y">Versión publicada</subfield>
  </datafield>
  <datafield tag="856" ind1="4" ind2="1">
    <subfield code="u">https://dialnet.unirioja.es/servlet/articulo?codigo=6946804&amp;orden=0&amp;info=link</subfield>
    <subfield code="z">Texto completo de la revista</subfield>
  </datafield>
  <datafield tag="909" ind1="C" ind2="O">
    <subfield code="o">oai:zaguan.unizar.es:98434</subfield>
    <subfield code="p">articulos</subfield>
    <subfield code="p">driver</subfield>
  </datafield>
  <datafield tag="951" ind1=" " ind2=" ">
    <subfield code="a">2023-10-23-12:21:27</subfield>
  </datafield>
  <datafield tag="980" ind1=" " ind2=" ">
    <subfield code="a">ARTICLE</subfield>
  </datafield>
</record>
</collection>